[Event "Titled Tuesday intern op 3rd Jan 10am"]
[Site "Chess.com INT"]
[Date "2017.01.03"]
[Round "8"]
[White "Pozo, Sandro"]
[Black "Moskalenko, Alexander"]
[Result "0-1"]
[WhiteElo "2190"]
[BlackElo "2488"]
[PlyCount "80"]
[EventDate "2017.01.03"]
[EventType "swiss (blitz)"]
[EventRounds "9"]
[EventCountry "USA"]
[SourceTitle "EXT 2021"]
[Source "ChessBase"]
[SourceDate "2020.10.23"]
[SourceVersion "1"]
[SourceVersionDate "2020.10.23"]
[SourceQuality "1"]

1. d4 e6 2. Nf3 Nf6 3. c4 d5 4. Nc3 Nbd7 5. g3 c6 6. Bg2 dxc4 7. 0-0 Be7 8. a4 0-0 9. e4 e5 10. dxe5 Ng4 11. Bf4 Qa5 12. Qe2 Ndxe5 13. Nxe5 Nxe5 14. Bxe5 Qxe5 15. Qxc4 Be6 16. Qe2 Rfd8 17. Kh1 a5 18. f4 Qc5 19. Rfd1 f6 20. Rxd8+ Rxd8 21. Rd1 Qb4 22. Rxd8+ Bxd8 23. f5 Bf7 24. e5 fxe5 25. Qxe5 Qxb2 26. h4 Qb4 27. Ne4 Qe7 28. Qb8 Qc7 29. Qa8 Bd5 30. Ng5 Bb3 31. Kh2 h6 32. Ne4 Bd5 33. Nc5 Kf7 34. Bxd5+ cxd5 35. Ne6 Qc2+ 36. Kh1 Qe4+ 37. Kh2 Qe2+ 38. Kh3 Qf1+ 39. Kh2 Qf2+ 40. Kh3 Qxf5+ 0-1

[Event "Titled Tuesday intern op 3rd Jan 10am"]
[Site "Chess.com INT"]
[Date "2017.01.03"]
[Round "1"]
[White "Salem, AR Saleh"]
[Black "Pozo, Sandro"]
[Result "0-1"]
[WhiteElo "2656"]
[BlackElo "2190"]
[PlyCount "62"]
[EventDate "2017.01.03"]
[EventType "swiss (blitz)"]
[EventRounds "9"]
[EventCountry "USA"]
[SourceTitle "EXT 2021"]
[Source "ChessBase"]
[SourceDate "2020.10.23"]
[SourceVersion "1"]
[SourceVersionDate "2020.10.23"]
[SourceQuality "1"]

1. d4 d5 2. c4 c6 3. Nf3 Nf6 4. Nc3 dxc4 5. e4 b5 6. e5 Nd5 7. a4 e6 8. Be2 Bb7 9. 0-0 Nd7 10. Ne4 Be7 11. Bg5 0-0 12. Bxe7 Qxe7 13. Nd6 N7b6 14. a5 Na4 15. Rxa4 bxa4 16. Qxa4 c3 17. a6 Bc8 18. Qxc6 Bd7 19. Qc4 cxb2 20. Rb1 Rfc8 21. Qd3 Rc1+ 22. Bf1 Rb8 23. Nb7 Qb4 24. Ng5 g6 25. Qh3 h5 26. Qf3 Rf8 27. Rxb2 Qxb2 28. h4 Bb5 29. Nd6 Rxf1+ 30. Kh2 Rxf2 31. Qg3 Bf1 0-1

[Event "Titled Tuesday intern op 2nd Aug"]
[Site "Chess.com INT"]
[Date "2016.08.02"]
[Round "9"]
[White "Meskovs, Nikita"]
[Black "Pozo, Sandro"]
[Result "1/2-1/2"]
[WhiteElo "2482"]
[BlackElo "2190"]
[PlyCount "171"]
[EventDate "2016.08.02"]
[EventType "swiss (blitz)"]
[EventRounds "9"]
[EventCountry "USA"]
[SourceTitle "EXT 2021"]
[Source "ChessBase"]
[SourceDate "2020.10.23"]
[SourceVersion "1"]
[SourceVersionDate "2020.10.23"]
[SourceQuality "1"]

1. d4 e6 2. c4 Bb4+ 3. Nc3 f5 4. g3 Nf6 5. Bg2 0-0 6. Bd2 d6 7. e3 Qe7 8. Nge2 c6 9. 0-0 e5 10. Nd5 Nxd5 11. cxd5 Bxd2 12. Qxd2 e4 13. dxc6 Nxc6 14. Rac1 Qf7 15. f3 exf3 16. Bxf3 Bd7 17. Nf4 Kh8 18. Bd5 Qe7 19. Rce1 Rae8 20. Qg2 Qf6 21. a3 g5 22. Nd3 Qg6 23. Nb4 Nxb4 24. axb4 Bb5 25. Rf3 Re7 26. Qc2 f4 27. Qxg6 hxg6 28. Kf2 Kg7 29. exf4 Rxe1 30. Kxe1 Re8+ 31. Kd2 Re2+ 32. Kc1 g4 33. Rc3 Rxh2 34. Rc7+ Kf8 35. Rf7+ Ke8 36. Rxb7 Bd3 37. Rxa7 Rc2+ 38. Kd1 Rxb2 39. Rb7 Kd8 40. Be6 Be4 41. Rd7+ Ke8 42. Rxd6 Rxb4 43. Bxg4 Kf7 44. Kd2 Kg7 45. Kc3 Rb1 46. Re6 Bd5 47. Re5 Rb3+ 48. Kc2 Rxg3 49. Be6 Bxe6 50. Rxe6 Kf7 51. Re5 Rf3 52. Re4 Ra3 53. Kb2 Rd3 54. Kc2 Ra3 55. d5 Ra5 56. Rd4 Ke7 57. Kd3 Kd6 58. Ke4 Ra1 59. Kf3 Ra5 60. Rb4 Rxd5 61. Rb6+ Ke7 62. Rxg6 Kf7 63. Ra6 Rb5 64. Kg4 Rc5 65. Rh6 Kg7 66. Rh5 Rc6 67. Rd5 Kf7 68. Kg5 Kg7 69. Rd7+ Kg8 70. f5 Kf8 71. Rh7 Kg8 72. Rh6 Rxh6 73. Kxh6 Kf7 74. Kg5 Kg7 75. f6+ Kf7 76. Kf5 Kf8 77. Ke5 Kf7 78. Kf5 Kf8 79. Kg6 Kg8 80. Kh6 Kf7 81. Kg5 Kf8 82. Kf5 Kf7 83. Ke5 Kf8 84. Ke6 Ke8 85. f7+ Kf8 86. Kf6 1/2-1/2

[Event "Titled Tuesday intern op 2nd Aug"]
[Site "Chess.com INT"]
[Date "2016.08.02"]
[Round "5"]
[White "Mucobega, Jaup"]
[Black "Pozo, Sandro"]
[Result "0-1"]
[WhiteElo "2161"]
[BlackElo "2190"]
[PlyCount "40"]
[EventDate "2016.08.02"]
[EventType "swiss (blitz)"]
[EventRounds "9"]
[EventCountry "USA"]
[SourceTitle "EXT 2021"]
[Source "ChessBase"]
[SourceDate "2020.10.23"]
[SourceVersion "1"]
[SourceVersionDate "2020.10.23"]
[SourceQuality "1"]

1. e4 e6 2. d4 d5 3. exd5 exd5 4. Be3 Nf6 5. Nc3 Bb4 6. Bd3 c5 7. Bb5+ Nc6 8. dxc5 0-0 9. Bxc6 bxc6 10. Qd4 Qa5 11. Nge2 Ba6 12. a3 Rab8 13. 0-0 Bxc3 14. Nxc3 Bxf1 15. Rxf1 Rfe8 16. Bg5 Ne4 17. h4 Nxc3 18. bxc3 Re4 19. Qd3 Qxc5 20. Kh1 h6 0-1

[Event "Titled Tuesday intern op1 2nd Aug"]
[Site "Chess.com INT"]
[Date "2016.08.02"]
[Round "9"]
[White "Pozo, Sandro"]
[Black "Akopian, Robert"]
[Result "1-0"]
[WhiteElo "2190"]
[BlackElo "2142"]
[PlyCount "151"]
[EventDate "2016.08.02"]
[EventType "swiss (blitz)"]
[EventRounds "9"]
[EventCountry "USA"]
[SourceTitle "EXT 2021"]
[Source "ChessBase"]
[SourceDate "2020.10.23"]
[SourceVersion "1"]
[SourceVersionDate "2020.10.23"]
[SourceQuality "1"]

1. d4 Nf6 2. c4 c5 3. d5 e6 4. Nc3 exd5 5. cxd5 d6 6. Nf3 g6 7. Bf4 Bg7 8. e3 0-0 9. h3 Ne8 10. Be2 a6 11. a4 Nd7 12. 0-0 Qe7 13. Nd2 Be5 14. Bxe5 Qxe5 15. Nc4 Qe7 16. a5 f5 17. Re1 Nef6 18. Bf1 Ne4 19. Na4 Rb8 20. Qc2 Ndf6 21. Nab6 Bd7 22. f3 Ng3 23. Bd3 Bb5 24. Qf2 Ngh5 25. Rab1 Rbe8 26. b4 cxb4 27. Rxb4 Nf4 28. Bf1 N4xd5 29. Nxd5 Nxd5 30. Rbb1 Kg7 31. e4 fxe4 32. Qd4+ Qf6 33. Qxf6+ Rxf6 34. Rxe4 Rxe4 35. fxe4 Nc3 36. Rc1 Nxe4 37. Ne3 Nc5 38. Bxb5 axb5 39. Rb1 Re6 40. Nd5 Re5 41. Nc3 Re3 42. Nxb5 Rd3 43. Re1 Kf6 44. Re8 h5 45. Rd8 Ne4 46. Rd7 Rd1+ 47. Kh2 h4 48. Rd8 Ng3 49. Rxd6+ Rxd6 50. Nxd6 Nf5 51. Nxb7 Nd4 52. a6 Nb5 53. Nd6 Na7 54. Kg1 Ke5 55. Nf7+ Kf4 56. Kf2 g5 57. Nh6 Nb5 58. Ng4 Na7 59. Ne3 Nb5 60. Nd5+ Kf5 61. Nc3 Na7 62. Ke3 g4 63. Kd4 Kf4 64. Ne2+ Kg5 65. Kc5 gxh3 66. gxh3 Kf5 67. Kb6 Nc8+ 68. Kc7 Na7 69. Nd4+ Kf4 70. Nc6 Nb5+ 71. Kb6 Nd6 72. Ne7 Kg3 73. a7 Nc4+ 74. Kc5 Kxh3 75. Kxc4 Kg2 76. a8Q+ 1-0

[Event "Titled Tuesday intern op1 2nd Aug"]
[Site "Chess.com INT"]
[Date "2016.08.02"]
[Round "8"]
[White "Viaje, Rhobz"]
[Black "Pozo, Sandro"]
[Result "1-0"]
[WhiteElo "2220"]
[BlackElo "2190"]
[PlyCount "129"]
[EventDate "2016.08.02"]
[EventType "swiss (blitz)"]
[EventRounds "9"]
[EventCountry "USA"]
[SourceTitle "EXT 2021"]
[Source "ChessBase"]
[SourceDate "2020.10.23"]
[SourceVersion "1"]
[SourceVersionDate "2020.10.23"]
[SourceQuality "1"]

1. d4 e6 2. e4 d5 3. exd5 exd5 4. Nf3 Nf6 5. c4 Bb4+ 6. Nc3 0-0 7. Be2 Bg4 8. 0-0 dxc4 9. Bxc4 Nbd7 10. h3 Bh5 11. g4 Bg6 12. Ne5 Nb6 13. Bb3 c5 14. dxc5 Bxc5 15. Qf3 Nfd7 16. Nd3 Bd4 17. Nf4 Ne5 18. Qxb7 Rb8 19. Qg2 Nbc4 20. Rd1 Qb6 21. Nfd5 Qc5 22. Na4 Qa5 23. Rxd4 Qe1+ 24. Kh2 Qe2 25. Nac3 Nf3+ 26. Kg3 Qe5+ 27. Rf4 Ne1 28. Qg1 Nd6 29. Bd2 Nd3 30. Re1 Nxe1 31. Qxe1 Qxe1 32. Bxe1 Rfe8 33. Bd2 Kh8 34. Be3 f5 35. Bd4 Bf7 36. gxf5 Re1 37. f6 g6 38. Ne3 Kg8 39. Bxf7+ Kxf7 40. Kg2 g5 41. Rf3 h5 42. Ned5 Rg8 43. Re3 Rxe3 44. Bxe3 Nf5 45. Bxa7 g4 46. hxg4 hxg4 47. b4 Nh4+ 48. Kf1 Nf3 49. Ne4 Rh8 50. Be3 Rh1+ 51. Ke2 Ke6 52. Nf4+ Ke5 53. f7 Kxe4 54. Ng2 Rh8 55. b5 Rf8 56. a4 Rxf7 57. b6 Ne5 58. a5 Nc4 59. a6 Rf5 60. b7 Rb5 61. a7 Rb2+ 62. Kd1 Kd3 63. Kc1 Rc2+ 64. Kb1 Na3+ 65. Ka1 1-0

[Event "Titled Tuesday intern op1 7th June"]
[Site "Chess.com INT"]
[Date "2016.06.07"]
[Round "1"]
[White "Kotepalli, Sai Nirupama"]
[Black "Pozo, Sandro"]
[Result "0-1"]
[WhiteElo "1944"]
[BlackElo "2190"]
[PlyCount "74"]
[EventDate "2016.06.07"]
[EventType "swiss (blitz)"]
[EventRounds "9"]
[EventCountry "USA"]
[SourceTitle "EXT 2021"]
[Source "ChessBase"]
[SourceDate "2020.10.23"]
[SourceVersion "1"]
[SourceVersionDate "2020.10.23"]
[SourceQuality "1"]

1. e4 e6 2. d3 d5 3. Nd2 Nc6 4. Ngf3 Nf6 5. g3 dxe4 6. dxe4 Bc5 7. Bg2 0-0 8. 0-0 e5 9. c3 a5 10. Qe2 b6 11. Nc4 Ba6 12. b3 Qe7 13. Nh4 g6 14. Bg5 Qe6 15. Rad1 a4 16. Kh1 axb3 17. axb3 Na5 18. Qf3 Nd7 19. Bh6 Rfd8 20. Rfe1 Nxc4 21. bxc4 Bxc4 22. Rd2 Nf6 23. Red1 Rxd2 24. Rxd2 Ra1+ 25. Rd1 Rxd1+ 26. Qxd1 Qd7 27. Qa1 Bf8 28. Bg5 Ng4 29. Kg1 Bc5 30. h3 Nxf2 31. Qa8+ Kg7 32. Kh2 Be7 33. Bxe7 Qxe7 34. Qc6 b5 35. Nf3 Nd3 36. Nd2 Qd6 37. Qe8 Ne1 0-1

[Event "Titled Tuesday intern op1 7th June"]
[Site "Chess.com INT"]
[Date "2016.06.07"]
[Round "8"]
[White "Pozo, Sandro"]
[Black "Brown, Michael William"]
[Result "0-1"]
[WhiteElo "2190"]
[BlackElo "2418"]
[PlyCount "52"]
[EventDate "2016.06.07"]
[EventType "swiss (blitz)"]
[EventRounds "9"]
[EventCountry "USA"]
[SourceTitle "EXT 2021"]
[Source "ChessBase"]
[SourceDate "2020.10.23"]
[SourceVersion "1"]
[SourceVersionDate "2020.10.23"]
[SourceQuality "1"]

1. d4 Nf6 2. Nf3 e6 3. c4 d5 4. Nc3 Bb4 5. Bg5 Nbd7 6. cxd5 exd5 7. Qc2 c5 8. e3 Qa5 9. Bd3 0-0 10. 0-0 c4 11. Bf5 g6 12. Bxd7 Nxd7 13. e4 Bxc3 14. bxc3 dxe4 15. Qxe4 Nb6 16. Qh4 Nd5 17. Rfe1 Bf5 18. Bh6 Rfe8 19. Bd2 f6 20. Qg3 Qc7 21. Qh4 b5 22. h3 a5 23. Qh6 b4 24. Nh4 bxc3 25. Be3 Bd3 26. g4 Qg7 0-1

[Event "Titled Tuesday intern op 7th June"]
[Site "Chess.com INT"]
[Date "2016.06.07"]
[Round "7"]
[White "Pozo, Sandro"]
[Black "Christiansen, Johan Sebastian"]
[Result "0-1"]
[WhiteElo "2190"]
[BlackElo "2399"]
[PlyCount "76"]
[EventDate "2016.06.07"]
[EventType "swiss (blitz)"]
[EventRounds "9"]
[EventCountry "USA"]
[SourceTitle "EXT 2021"]
[Source "ChessBase"]
[SourceDate "2020.10.23"]
[SourceVersion "1"]
[SourceVersionDate "2020.10.23"]
[SourceQuality "1"]

1. d4 Nf6 2. Nf3 d5 3. c4 dxc4 4. e3 b5 5. a4 b4 6. Bxc4 e6 7. 0-0 Be7 8. Qe2 Bb7 9. a5 a6 10. Nbd2 Nbd7 11. e4 c5 12. e5 Nd5 13. Ne4 cxd4 14. Bg5 0-0 15. Bd2 Nc5 16. Nxc5 Bxc5 17. Bd3 Ne7 18. Ng5 h6 19. Nh7 Re8 20. Qh5 Qd5 21. f3 Nf5 22. Bxf5 Qxe5 23. Bxh6 Qxf5 24. Ng5 gxh6 25. Qxh6 Qg6 26. Qh4 d3+ 27. Kh1 Kg7 28. f4 Rh8 29. Qg3 Rae8 30. f5 exf5 31. Rxf5 Qxf5 32. Ne6+ Kf6 33. Nxc5 d2 34. Qd6+ Kg7 35. Qd4+ Qe5 36. Qg4+ Kh7 37. Qh4+ Kg8 38. Qg4+ Qg7 0-1

[Event "Titled Tuesday intern op1 7th June"]
[Site "Chess.com INT"]
[Date "2016.06.07"]
[Round "4"]
[White "Pozo, Sandro"]
[Black "Ibarra Jerez, Jose Carlos"]
[Result "0-1"]
[WhiteElo "2190"]
[BlackElo "2563"]
[PlyCount "94"]
[EventDate "2016.06.07"]
[EventType "swiss (blitz)"]
[EventRounds "9"]
[EventCountry "USA"]
[SourceTitle "EXT 2021"]
[Source "ChessBase"]
[SourceDate "2020.10.23"]
[SourceVersion "1"]
[SourceVersionDate "2020.10.23"]
[SourceQuality "1"]

1. d4 Nf6 2. Nf3 g6 3. c4 d6 4. g3 Bg7 5. Bg2 0-0 6. 0-0 Nc6 7. Nc3 Bf5 8. b3 Ne4 9. Bb2 Nxc3 10. Bxc3 Be4 11. Rc1 d5 12. e3 a5 13. Nd2 Bxg2 14. Kxg2 e6 15. Qe2 Nb4 16. Nf3 c6 17. Rfd1 Qe7 18. a3 Na6 19. c5 Nc7 20. Bb2 a4 21. b4 Nb5 22. Ne5 f6 23. Nd3 e5 24. dxe5 fxe5 25. e4 d4 26. Rf1 Qe6 27. f4 exf4 28. gxf4 Rae8 29. Rce1 Qb3 30. Nc1 d3 31. Nxd3 Bxb2 32. Nxb2 Nxa3 33. Rf3 Qxb4 34. Nd3 Qb5 35. e5 Nc4 36. e6 Rf5 37. e7 Rf7 38. f5 Rfxe7 39. Qxe7 Rxe7 40. Rxe7 Nd2 41. Rfe3 Qb1 42. Ne1 Qxf5 43. Re8+ Kg7 44. R8e7+ Kf6 45. Rxb7 Qf1+ 46. Kg3 Qg1+ 47. Kf4 Qg5# 0-1

[Event "Titled Tuesday intern op1 7th June"]
[Site "Chess.com INT"]
[Date "2016.06.07"]
[Round "2"]
[White "Pozo, Sandro"]
[Black "Smith, Best"]
[Result "1-0"]
[WhiteElo "2190"]
[BlackElo "2180"]
[PlyCount "73"]
[EventDate "2016.06.07"]
[EventType "swiss (blitz)"]
[EventRounds "9"]
[EventCountry "USA"]
[SourceTitle "EXT 2021"]
[Source "ChessBase"]
[SourceDate "2020.10.23"]
[SourceVersion "1"]
[SourceVersionDate "2020.10.23"]
[SourceQuality "1"]

1. d4 Nf6 2. Nf3 c5 3. d5 e6 4. c4 exd5 5. cxd5 d6 6. Nc3 g6 7. Bf4 Bg7 8. e3 0-0 9. h3 a6 10. a4 Qa5 11. Nd2 Rd8 12. Be2 Qc7 13. 0-0 Nbd7 14. Nc4 Nb6 15. Na3 Bf5 16. a5 Nbd7 17. Nc4 Ne5 18. Nb6 Rab8 19. f3 Nfd7 20. e4 g5 21. Bxe5 Bxe5 22. exf5 Nxb6 23. axb6 Qxb6 24. Ne4 h6 25. Kh1 Qxb2 26. Rb1 Qa3 27. h4 gxh4 28. f4 Bd4 29. Rb3 Qa2 30. Bc4 Qa5 31. Qh5 b5 32. f6 Bxf6 33. Nxf6+ Kg7 34. Ng4 Rh8 35. Qxh4 bxc4 36. Qf6+ Kg8 37. Rxb8+ 1-0

[Event "Titled Tuesday intern op 3rd May"]
[Site "Chess.com INT"]
[Date "2016.05.03"]
[Round "2"]
[White "Antal, Gergely"]
[Black "Pozo, Sandro"]
[Result "1-0"]
[WhiteElo "2539"]
[BlackElo "2190"]
[PlyCount "133"]
[EventDate "2016.05.03"]
[EventType "swiss (blitz)"]
[EventRounds "9"]
[EventCountry "USA"]
[SourceTitle "EXT 2021"]
[Source "ChessBase"]
[SourceDate "2020.10.23"]
[SourceVersion "1"]
[SourceVersionDate "2020.10.23"]
[SourceQuality "1"]

1. e4 e6 2. d4 d5 3. Nd2 Ne7 4. Ngf3 Ng6 5. h4 h5 6. g3 c5 7. Bg2 Nc6 8. dxc5 Bxc5 9. Qe2 Kf8 10. Nb3 Bb6 11. Bg5 f6 12. Bd2 d4 13. e5 Ncxe5 14. Nxe5 Nxe5 15. 0-0-0 d3 16. Qe4 Bd7 17. f4 dxc2 18. Bb4+ Kf7 19. Qxc2 Rc8 20. Bc3 Nc4 21. Rd3 Qe7 22. Kb1 Ba4 23. Qe2 Bb5 24. Qf3 Bc6 25. Qe2 Bb5 26. Qf3 Bc6 27. Qe2 Bxg2 28. Qxg2 Rhd8 29. Rhd1 Na3+ 30. bxa3 Rxc3 31. Rxd8 Bxd8 32. Qe2 Qc7 33. Qxh5+ Ke7 34. Qg4 Kf7 35. Qh5+ Ke7 36. Qg4 Kf7 37. h5 Qb6 38. Rd7+ Ke8 39. Qxg7 Rxb3+ 40. axb3 Qxb3+ 41. Kc1 Qxa3+ 42. Kd2 Qb2+ 43. Ke1 Qa1+ 44. Ke2 Qb2+ 45. Kf3 Qb3+ 46. Ke2 Qa2+ 47. Rd2 Qa6+ 48. Kf3 Qc6+ 49. Kg4 Be7 50. Qg8+ Bf8 51. Qg6+ Ke7 52. Qb1 f5+ 53. Kh3 Qf3 54. Qd1 Qc6 55. Kh2 Kf7 56. Rc2 Qe4 57. Rc7+ Kg8 58. Qc2 Qf3 59. h6 Qh5+ 60. Kg2 Qxh6 61. Qe2 Qf6 62. Rxb7 a5 63. Ra7 Bb4 64. Qc2 Qd4 65. Qf2 Qe4+ 66. Kh2 Be1 67. Qb2 1-0

[Event "Titled Tuesday intern op 3rd May"]
[Site "Chess.com INT"]
[Date "2016.05.03"]
[Round "8"]
[White "Kotepalli, Sai Nirupama"]
[Black "Pozo, Sandro"]
[Result "0-1"]
[WhiteElo "1944"]
[BlackElo "2190"]
[PlyCount "40"]
[EventDate "2016.05.03"]
[EventType "swiss (blitz)"]
[EventRounds "9"]
[EventCountry "USA"]
[SourceTitle "EXT 2021"]
[Source "ChessBase"]
[SourceDate "2020.10.23"]
[SourceVersion "1"]
[SourceVersionDate "2020.10.23"]
[SourceQuality "1"]

1. e4 e6 2. d3 d5 3. Nd2 Nc6 4. Ngf3 Nf6 5. e5 Nd7 6. d4 f6 7. exf6 Qxf6 8. c3 e5 9. dxe5 Ndxe5 10. Be2 Bd6 11. Nxe5 Nxe5 12. Nf3 c6 13. 0-0 0-0 14. Nxe5 Qxe5 15. g3 Bh3 16. Re1 Rxf2 17. Bf3 Bc5 18. Kh1 Qh5 19. Bxh5 Bg2+ 20. Kg1 Rd2+ 0-1

[Event "Titled Tuesday intern op 3rd May"]
[Site "Chess.com INT"]
[Date "2016.05.03"]
[Round "9"]
[White "Pozo, Sandro"]
[Black "Hungaski, Robert Andrew"]
[Result "0-1"]
[WhiteElo "2190"]
[BlackElo "2482"]
[PlyCount "154"]
[EventDate "2016.05.03"]
[EventType "swiss (blitz)"]
[EventRounds "9"]
[EventCountry "USA"]
[SourceTitle "EXT 2021"]
[Source "ChessBase"]
[SourceDate "2020.10.23"]
[SourceVersion "1"]
[SourceVersionDate "2020.10.23"]
[SourceQuality "1"]

1. d4 d5 2. c4 dxc4 3. e3 Nf6 4. Bxc4 e6 5. Nf3 c5 6. 0-0 a6 7. b3 Nc6 8. Bb2 cxd4 9. Nxd4 Nxd4 10. Bxd4 Be7 11. Nd2 0-0 12. Be2 b6 13. Bf3 Nd5 14. Nc4 Rb8 15. Rc1 Bb7 16. Qe2 b5 17. Ne5 Bf6 18. Rfd1 Rc8 19. Qd2 Qe7 20. Rxc8 Rxc8 21. Rc1 Qd8 22. Rxc8 Qxc8 23. h3 h6 24. Ng4 Bxd4 25. Qxd4 Qc1+ 26. Kh2 Qc7+ 27. g3 f6 28. Kg2 Ne7 29. Bxb7 Qxb7+ 30. Kg1 h5 31. Nxf6+ gxf6 32. Qxf6 Qd7 33. Qg5+ Kf8 34. Qxh5 Ng8 35. Qh4 Qd1+ 36. Kg2 Qd5+ 37. e4 Qe5 38. Qd8+ Kf7 39. Qd7+ Ne7 40. Qd3 a5 41. f4 Qb2+ 42. Kf3 Qxa2 43. Qxb5 Qd2 44. Qh5+ Kf8 45. Qh6+ Kf7 46. Qh7+ Ke8 47. Qh5+ Kd7 48. Qb5+ Kd8 49. Qb6+ Kd7 50. Qb5+ Kc7 51. Qc4+ Nc6 52. Kg4 Qd1+ 53. Kg5 Qd7 54. Qc3 Qf7 55. Qf6 Qxf6+ 56. Kxf6 Nd4 57. h4 Nxb3 58. h5 a4 59. h6 a3 60. h7 a2 61. h8Q a1Q+ 62. e5 Nc5 63. Qg7+ Kb6 64. Qe7 Qg1 65. Qd8+ Kb5 66. Qe8+ Kc4 67. Qg6 Kd5 68. g4 Qg3 69. Kg5 Ne4+ 70. Kh6 Qxf4+ 71. g5 Qh2+ 72. Kg7 Qxe5+ 73. Kf8 Qf5+ 74. Qxf5+ exf5 75. g6 Ke5 76. g7 Nf6 77. g8N Nxg8 0-1

[Event "Titled Tuesday intern op1 3rd May"]
[Site "Chess.com INT"]
[Date "2016.05.03"]
[Round "3"]
[White "Pozo, Sandro"]
[Black "Indjic, Aleksandar"]
[Result "0-1"]
[WhiteElo "2190"]
[BlackElo "2547"]
[PlyCount "46"]
[EventDate "2016.05.03"]
[EventType "swiss (blitz)"]
[EventRounds "9"]
[EventCountry "USA"]
[SourceTitle "EXT 2021"]
[Source "ChessBase"]
[SourceDate "2020.10.23"]
[SourceVersion "1"]
[SourceVersionDate "2020.10.23"]
[SourceQuality "1"]

1. d4 Nf6 2. c4 c5 3. e3 g6 4. Nc3 Bg7 5. Nf3 0-0 6. Be2 cxd4 7. Nxd4 d5 8. cxd5 Nxd5 9. 0-0 Nxc3 10. bxc3 a6 11. a4 Qc7 12. Rb1 e5 13. Nf3 Rd8 14. Qc2 Nd7 15. e4 Nc5 16. Bg5 Re8 17. Rfd1 Bd7 18. Qa2 Bxa4 19. Rd5 b5 20. Be3 Nxe4 21. Rc1 Nxc3 22. Rxc3 Qxc3 23. h4 Bb3 0-1